[Event "Velikiy Novgorod-ch 62nd"]
[Site "Velikiy Novgorod"]
[Date "2010.02.21"]
[Round "2"]
[White "Artemiev, Oleg"]
[Black "Iljinsky, Yaroslav"]
[Result "1/2-1/2"]
[WhiteElo "2243"]
[BlackElo "2239"]
[PlyCount "107"]
[EventDate "2010.02.20"]
[EventType "swiss"]
[EventRounds "9"]
[EventCountry "RUS"]
[SourceTitle "CBM 135 Extra"]
[Source "ChessBase"]
[SourceDate "2010.05.04"]
[SourceVersion "1"]
[SourceVersionDate "2010.05.04"]
[SourceQuality "1"]

1. e4 e6 2. d3 d5 3. Nd2 Nf6 4. Ngf3 Nc6 5. g3 dxe4 6. dxe4 e5 7. Bg2 Bc5 8. 0-0 b6 9. Qe2 a5 10. Qb5 Bd7 11. Qe2 0-0 12. Nc4 Bg4 13. c3 Qc8 14. Qc2 Re8 15. Bg5 Qe6 16. Ne3 Bxf3 17. Bxf3 h6 18. Bxf6 Qxf6 19. Qe2 Bxe3 20. Qxe3 Red8 21. Be2 Rd6 22. Rad1 Rad8 23. Rxd6 Rxd6 24. Rd1 Kf8 25. Rd5 Ne7 26. Rxd6 Qxd6 27. Qd3 Nc8 28. Qa6 Qd7 29. Bb5 c6 30. Be2 Ke7 31. Kg2 Qc7 32. a4 Nd6 33. Bd3 Qb7 34. Qxb7+ Nxb7 35. b4 Kd6 36. Ba6 Nd8 37. Kf3 axb4 38. cxb4 c5 39. bxc5+ Kxc5 40. Ke3 Ne6 41. f4 f6 42. Bc8 Nd4 43. Kd3 Kb4 44. Bd7 Nb3 45. Ke3 Nc5 46. Be8 Nxa4 47. Kf3 Nc5 48. Bc6 Kc4 49. Kg4 g5 50. Kf5 Nd3 51. Kg6 exf4 52. gxf4 Nxf4+ 53. Kg7 Kb4 54. Be8 1/2-1/2

[Event "Novgorod op"]
[Site "Novgorod"]
[Date "1999.03.19"]
[Round "1"]
[White "Iljinsky, Yaroslav"]
[Black "Sorokin, Maxim"]
[Result "0-1"]
[WhiteElo "2340"]
[BlackElo "2551"]
[PlyCount "92"]
[EventDate "1999.03.19"]
[EventType "swiss"]
[EventRounds "10"]
[EventCountry "RUS"]
[SourceTitle "CBM 069 Extra"]
[Source "ChessBase"]
[SourceDate "1999.05.10"]
[SourceVersion "1"]
[SourceVersionDate "1999.05.10"]
[SourceQuality "1"]

1. d4 Nf6 2. c4 e6 3. Nc3 Bb4 4. e3 b6 5. Nge2 Ba6 6. a3 Bxc3+ 7. Nxc3 d5 8. b3 0-0 9. Be2 c5 10. 0-0 Nc6 11. cxd5 Bxe2 12. Nxe2 Qxd5 13. Nc3 Qf5 14. dxc5 bxc5 15. Ra2 Rab8 16. Qc2 Rfc8 17. Na4 Qxc2 18. Rxc2 Na5 19. Rxc5 Nxb3 20. Rxc8+ Rxc8 21. Bb2 Ne4 22. Rd1 Ned2 23. g3 Rc2 24. Bc3 g5 25. h3 h5 26. g4 hxg4 27. hxg4 Kh7 28. Kg2 Kg6 29. Rh1 Ne4 30. Be1 Nf6 31. Kf3 Nxg4 32. Kxg4 Rc4+ 33. Kf3 Rxa4 34. Bb4 a5 35. Bd6 Rc4 36. Rh8 Nd2+ 37. Ke2 Ne4 38. Be7 Rc7 39. Rg8+ Kf5 40. Bd8 Rc2+ 41. Ke1 g4 42. Bh4 Ra2 43. Rh8 e5 44. Rh5+ Ke6 45. Rh6+ f6 46. Rg6 Kf5 0-1